UBT Library

EKINOKOKOZA E MUSHKERIVE (Record no. 11381)

000 -LEADER
fixed length control field 00262nam a22001217a 4500
008 - FIXED-LENGTH DATA ELEMENTS--GENERAL INFORMATION
fixed length control field 170421b xxu||||| |||| 00| 0 eng d
041 ## - LANGUAGE CODE
Language code of text/sound track or separate title ALB
080 ## - UNIVERSAL DECIMAL CLASSIFICATION NUMBER
Universal Decimal Classification number 573
100 ## - Rafti
Rafti 11
101 ## - Shkurtesa
Shkurtesa SHM
245 ## - TITLE STATEMENT
Title EKINOKOKOZA E MUSHKERIVE
Statement of responsibility, etc ELEZI, B
942 ## - ADDED ENTRY ELEMENTS (KOHA)
Source of classification or shelving scheme
Item type Books
Holdings
Withdrawn status Lost status Source of classification or shelving scheme Damaged status Not for loan Collection code Permanent location Current location Shelving location Date acquired Total Checkouts Full call number Barcode Date last seen Price effective from Koha item type
          Koleksioni i përgjithshem UBT - Lipjan UBT - Lipjan Koleksioni i përgjithshem 04/21/2017   573 ELE 002-280820 04/21/2017 04/21/2017 Books
UBT Library © 2015-2024. All rights reserved University Education for Business and Technology